000 03608nam a2200397 a 4500
999 _c12316
_d12316
001 12316
003 BD-JhCC
005 20211021103624.0
008 210403s2018 nyu 000 0 fre d
020 _a9780071819541 (paperback)
020 _a9781260121032
020 _a0071819541 (paperback)
020 _z9780071819558 (e-ISBN)
020 _z007181955X (e-ISBN)
035 _a(BD-JhCC)12316
040 _aYDXCP
_cYDXCP
_erda
_dBTCTA
_dOCLCQ
_dJBL
_dDLC
_dBD-JhCC
041 0 _aeng
_afre
050 0 0 _aPC2129.E5
_bH4454 2013
082 0 4 _a448.2421
_223
_bCOM 2018
245 0 0 _aComplete French all-in-one /
_cAnnie Heminway, editor.
260 _aMcGraw Hill,
_bNew York :
_c2018.
300 _ax, 644 pages ;
_c28 cm.
490 0 _aPractice makes Perfect
500 _a"Seven books in one"--Cover.
500 _a"LanguageLab, McGraw-Hill, Free practice app. www.mhlanguagelab.com"--Page 4 of cover.
500 _a"Portions of this book were previously published under the titles of Practice makes perfect: complete French grammar, Practice makes perfect: French nouns and their genders up close, Practice makes perfect: French problem solver, Practice makes perfect: French pronouns and prepositions, Practice makes perfect: French verb tenses, Practice makes perfect: French vocabulary, and Practice makes perfect: French sentence builder"--Title page verso.
505 0 _aArticles -- Basic gender endings: masculin and féminin -- More French nouns and their gender -- Numbers -- Vocabulary: thoughts, feelings, communicating, home, travel, science, leisure, and technology -- Building sentences -- Asking questions -- Exclamations and commands -- Independent clauses and subordinate clauses -- The present tense of -er verbs -- The present of -ir and -re verbs -- Être, avoir, and other irregular verbs -- The immediate future, the immediate past, and the causative form -- Pronominal verbs -- The passé composé -- The imparfait and the plus-que-parfait -- The simple future and the past future -- The present conditional and the past conditional -- Could, should, would? -- The present subjunctive and the past subjunctive -- Prepositions -- The infinitive mood -- The imperative mood -- The present participle and gerund -- The simple past, the passive voice, and indirect speech -- Pronouns -- Relative pronouns -- Adjectives -- Adverbs -- Written French: making transitions and written correspondence -- Verb transfers and confusing verbs -- Whatever, whenever, wherever: French oddities and fun with prepositions -- French in conversation: meeting people -- French in conversation: making conversation and making plans -- French in conversation: discussing current events -- French in conversation: asking for help -- A taste of French literature -- Appendix A: French pronunciation -- Appendix B: grammatical terminology for verbs -- Appendix C: French verb tables -- Appendix D: French-English/English-French glossary -- Answer key -- Translations.
520 _aA workbook that presents instruction and skill-building exercises for learning French language vocabulary, grammar, conversation, rules for sentence structure, spelling and punctuation, and how to properly use different verb tenses.
650 0 _aFrench language
_vTextbooks for foreign speakers
_xEnglish.
650 0 _aFrench language
_xGrammar
_vProblems, exercises, etc.
650 0 _aFrench language
_vProblems, exercises, etc.
650 0 _aFrench language
_vSelf-instruction.
650 0 _aFrench language
_xComputer-assisted instruction.
700 1 _aHeminway, Annie,
942 _2ddc
_cBK